| 000 -CABECERA |
| Longitud fija campo de control |
00797nam a2200229 a 4500 |
| 001 - NÚMERO DE CONTROL |
| Número de control |
2208 |
| 003 - IDENTIFICADOR DEL NÚMERO DE CONTROL |
| Identificador del número de control |
CDMR |
| 005 - FECHA Y HORA DE LA ÚLTIMA TRANSACCIÓN |
| Fecha y hora de la última transacción |
20131128132401.0 |
| 008 - CÓDIGOS DE INFORMACIÓN DE LONGITUD FIJA |
| Códigos de información de longitud fija |
130130s1983||||||||||||||||||||||||||||d |
| 020 ## - NÚMERO INTERNACIONAL NORMALIZADO PARA LIBROS |
| Número Internacional Normalizado para Libros (ISBN) |
8450095247 (Vol. 1) |
| 040 ## - FUENTE DE LA CATALOGACIÓN |
| Centro catalogador de origen |
CDMR |
| Lengua de catalogación |
cat |
| Centro transcriptor |
CDMR |
| 100 1# - PUNTO DE ACCESO PRINCIPAL-NOMBRE DE PERSONA |
| Nombre de persona |
Blasco, Ricard |
| 9 (RLIN) |
1639 |
| 245 13 - MENCIÓN DE TÍTULO |
| Título |
La premsa del País Valencià (1790-1983) |
| Resto del título |
: catàleg bibliogràfic de les publicacions periòdiques aparegudes al País Valencià des de 1790 fins els nostres dies |
| 260 ## - PUBLICACIÓN, DISTRIBUCIÓN, ETC. (PIE DE IMPRENTA) |
| Lugar de publicación, distribución, etc. |
València |
| Nombre del editor, distribuidor, etc. |
Institució Alfons el Magnànim |
| 260 ## - PUBLICACIÓN, DISTRIBUCIÓN, ETC. (PIE DE IMPRENTA) |
| Nombre del editor, distribuidor, etc. |
Diputació Provincial de València |
| Fecha de publicación, distribución, etc. |
1983 |
| 300 ## - DESCRIPCIÓN FÍSICA |
| Extensión |
1086 p. |
| 490 0# - MENCIÓN DE SERIE |
| Mención de serie |
Arxius i Documents |
| Designación de volumen o secuencia |
2 |
| 650 04 - PUNTO DE ACCESO ADICIONAL DE MATERIA - TÉRMINO DE MATERIA |
| 9 (RLIN) |
4131 |
| Término de materia o nombre geográfico como elemento inicial |
Publicacions en sèrie |
| 650 04 - PUNTO DE ACCESO ADICIONAL DE MATERIA - TÉRMINO DE MATERIA |
| 9 (RLIN) |
4083 |
| Término de materia o nombre geográfico como elemento inicial |
Premsa |
| Subdivisión de forma |
Bibliografia |
| 650 04 - PUNTO DE ACCESO ADICIONAL DE MATERIA - TÉRMINO DE MATERIA |
| 9 (RLIN) |
3311 |
| Término de materia o nombre geográfico como elemento inicial |
Premsa |
| Subdivisión geográfica |
Comunitat Valenciana |
| 942 ## - ENTRADA DE ELEMENTOS AGREGADOS (KOHA) |
| Koha [por defecto] tipo de item |
Monografies |
| Fuente de clasificaión o esquema |
|